00516 a2200169 4500999001700000020001800017050001900035100003400054245007700088264003300165300002900198500001900227650002600246650001900272650003000291942002500321 c10191d10191 a9780091959760 aG440. CON 2016 aConway, Sean, d1981-eauthor aCycling the Earth : ba Life-Changing Race Around the WorldcSean Conway aLondon:bEbury press.,c2016 a320 pages ; 216 x 135 mm alncludes index aConway, Seanx Travel aBicycle racing aVoyages around the world. 2lcccBKh440iCONkG